Statistics for Every country occupied by Poland

Click here to take the quiz!

General Stats

  • This quiz has been taken 74 times
  • The average score is 20 of 26

Answer Stats

Answer% Correct
Germany
98%
Russia
98%
Lithuania
97%
Ukraine
97%
Czech Republic
94%
Estonia
94%
Slovakia
94%
Belarus
92%
Hungary
92%
Sweden
91%
Latvia
89%
Austria
88%
Romania
88%
Finland
85%
Moldova
82%
Denmark
80%
Slovenia
80%
Serbia
79%
Croatia
76%
Italy
74%
Bosnia and Herzegovina
71%
Poland
53%
Montenegro
50%
Trinidad and Tobago
24%
Gambia
23%
Senegal
11%

Score Distribution

Percentile by Number Answered

Percent of People with Each Score

Your Score History

You have not taken this quiz